| 000 | 00663nam a2200217 a 4500 | ||
|---|---|---|---|
| 005 | 20240531063649.0 | ||
| 008 | 030311s2001 es r 000 0 spa d | ||
| 020 | _a8446011441 | ||
| 035 | _aUPN01000122770 | ||
| 049 | _aC | ||
| 050 | 4 |
_aLB15 _bS2.38 |
|
| 100 | 1 | _aSchaub, Horst | |
| 245 | 1 | 0 |
_aDiccionario Akal de pedagogía / _cHorst Schaub, Karl G. Zenke ; tr. Agustín González Ruiz. |
| 260 |
_aMadrid : _bAkal, _c2001. |
||
| 300 | _a200 p. | ||
| 440 | 0 |
_aAkal/diccionarios ; _v30 |
|
| 534 |
_pTítulo original: _tWörterbuch zur pädagogik |
||
| 650 | 4 |
_aEducación _vDiccionarios _913241 |
|
| 700 | 1 |
_aZenke, Karl G., _d1939- , _ecoaut. |
|
| 905 | _aLibro | ||
| 999 |
_c94953 _d94953 |
||